Návrh granulátora priemyselných hnojív

Salvato in:
Dettagli Bibliografici
Autore principale: Karľová, Mária (Autore)
Altri autori: Peciar, Peter (Relatore della tesi)
Natura: Manoscritto Libro
Lingua:slovacco
Pubblicazione: 2019
Soggetti:
Accesso online:http://is.stuba.sk/zp/portal_zp.pl?podrobnosti=144807
Tags: Aggiungi Tag
Nessun Tag, puoi essere il primo ad aggiungerne!!

MARC

LEADER 00000ntm a22000003a 4500
001 stuzp71517
003 SK-STU
005 20210408151521.4
007 ta
008 150427s2015----xo-----f-mn---000-0-slo-d
040 |a STU  |b slo 
041 0 |a slo 
100 1 |a Karľová, Mária  |u 020040  |k Z4  |4 aut  |U SjF Strojnícka fakulta  |T SjF Ústav procesného inžinierstva  |X 2354  |U J0040  |Y 807  |7 2354 
242 0 1 |a Design of granulator for industrial fertilizers  |y eng 
245 1 0 |a Návrh granulátora priemyselných hnojív 
260 |c 2019 
650 4 |a granulácia  |2 slo 
650 4 |a granulátor  |2 slo 
650 4 |a priemyselné hnojivá  |2 slo 
650 4 |a partikulárna látka  |2 slo 
650 4 |a particulate material  |2 eng 
650 4 |a granulator  |2 eng 
650 4 |a industrial fertilizers  |2 eng 
650 4 |a granulation  |2 eng 
700 1 |a Peciar, Peter  |u 020040  |k Z1  |4 ths  |U SjF Strojnícka fakulta  |T SjF Ústav procesného inžinierstva  |X 41013  |U J0040  |Y 807  |7 A000041013 
856 4 |u http://is.stuba.sk/zp/portal_zp.pl?podrobnosti=144807 
996 |b 284J045984  |c J* 3094/DDP  |l JJSK  |s A  |a 24  |w stuzp71517_0001